Các Líp-nếch (1871-1919)

Salvato in:
Dettagli Bibliografici
Autore principale: Hayse Volkemus
Natura: Libro
Lingua:Undetermined
Pubblicazione: Hà Nội Thanh niên 1979
Soggetti:
Tags: Aggiungi Tag
Nessun Tag, puoi essere il primo ad aggiungerne! !
Thư viện lưu trữ: Trung tâm Học liệu Trường Đại học Cần Thơ
LEADER 00520nam a2200181Ia 4500
001 CTU_10787
008 210402s9999 xx 000 0 und d
082 |a 943.1092 
082 |b V945 
100 |a Hayse Volkemus 
245 0 |a Các Líp-nếch (1871-1919) 
245 0 |c Hayse Volkemus; Dịch giả: Tân Uyên 
260 |a Hà Nội 
260 |b Thanh niên 
260 |c 1979 
650 |a revolutionists - biography 
904 |i Minh, 961012 
980 |a Trung tâm Học liệu Trường Đại học Cần Thơ